| 000 | 00775nam a2200229 i 4500 | ||
|---|---|---|---|
| 001 | 115554 | ||
| 003 | ES-MaACL | ||
| 005 | 20230906190502.0 | ||
| 007 | t| | ||
| 008 | 070315q1922 sp ||||1| spa d | ||
| 080 | _a621.316 | ||
| 100 | 1 |
_aCaro y Anchía, Ricardo. _935412 |
|
| 245 | 1 | 0 |
_aTransporte y distribución de la energía eléctrica / _cpor Ricardo Caro y Anchía y Francisco Alsina y Alsina. |
| 260 |
_aMadrid : _bCalpe, _c[1922?] |
||
| 300 |
_a143 p. : _bil. ; _c17 cm. |
||
| 490 | 1 |
_aBiblioteca del electricista práctico ; _v14 |
|
| 650 | 1 | 4 |
_aEnergía eléctrica- _zEspaña. _912252 |
| 700 | 1 |
_aAlsina y Alsina, Francisco. _920496 |
|
| 830 | 0 |
_aBiblioteca del electricista práctico ; _v14 _9186267 |
|
| 852 |
_aES-MaACL _jB-3747 |
||
| 999 |
_c115554 _d115554 |
||